000 00650nam a2200253Ia 4500
003 OSt
005 20220918210008.0
006 a|||||r|||| 00| 0
007 ta
008 220917b |||||||| |||| 00| 0 eng d
024 _a118,719
037 _cTextual
040 _aARTS
_cARTS
_beng
041 _2eng
_aeng
082 _aV657.N6, L4
100 _aArmah Kwesi
_9115969
245 0 _aGhana
_b Nkrumat's legacy
260 _aLondon
_bRex Collings
_c1974
300 _aix, 182p.
_ccm.
500 _aBibliography p181-182
650 _aHISTORY
942 _hV657.N6, L4
_cTEXL
_2CC
999 _c241988
_d241988